NLSUI OPAC header image

Law of ownership of property and investigation of title (Record no. 8999)

MARC details
000 -LEADER
fixed length control field 00428nam a2200157Ia 4500
008 - FIXED-LENGTH DATA ELEMENTS--GENERAL INFORMATION
fixed length control field 160316s1995 xxu||||| |||| 00| 0 eng d
082 ## - DEWEY DECIMAL CLASSIFICATION NUMBER
Classification number 346.043200
Item number VER
100 ## - MAIN ENTRY--PERSONAL NAME
Personal name Verma J C
245 ## - TITLE STATEMENT
Title Law of ownership of property and investigation of title
250 ## - EDITION STATEMENT
Edition statement 3rd
260 ## - PUBLICATION, DISTRIBUTION, ETC.
Place of publication, distribution, etc. New Delhi
Name of publisher, distributor, etc. Bharat Law House
Date of publication, distribution, etc. 1995
300 ## - PHYSICAL DESCRIPTION
Extent 544
Other physical details
Dimensions
365 ## - TRADE PRICE
Price amount
650 ## - SUBJECT ADDED ENTRY--TOPICAL TERM
Topical term or geographic name entry element 1.Property Laws - India<br/>2.Land Laws - India
700 ## - ADDED ENTRY--PERSONAL NAME
Personal name
--
Holdings
Withdrawn status Lost status Damaged status Not for loan Home library Current library Shelving location Date acquired Cost, normal purchase price Total Checkouts Full call number Barcode Date last seen Price effective from Koha item type
        . . Library Compactors 30.05.2017 360.00   346.0432 VER 9265 30.05.2017 30.05.2017 BOOKs